| 000 | 00862nam a2200289 i 4500 | ||
|---|---|---|---|
| 003 | EG-GICUC | ||
| 005 | 20260301082330.0 | ||
| 008 | 260301s1881 fr ||||fr|||| 00| 0 fre d | ||
| 040 |
_aEG-GiCUC _bfre _cEG-GiCUC _dEG-GiCUC _eRda |
||
| 041 | _afre | ||
| 082 | 0 | 4 |
_221 _a341 _bLA.D |
| 092 | 0 | 4 | _221 |
| 099 | _aLaw1 11 341 LA.D 1881 | ||
| 100 | 1 |
_aLaurent , F. _eAuteur |
|
| 245 |
_aLe Droit Civil International / _nVol.6 , _c F. Laurent . |
||
| 264 |
_aParis : _bLibrairie A.Maresuq , _c1881. |
||
| 300 |
_a730 page ; _c 24 cm. |
||
| 336 |
_2rda contenu _a texte |
||
| 337 |
_2rda medias _aOrdinateur |
||
| 338 |
_2 transporteur rda _a Ressource en ligne |
||
| 546 | _aTexte en français | ||
| 650 | 1 | _aDroit international | |
| 651 | 1 | _2qrmak | |
| 856 | 4 | 0 | _uhttps://fll.law.cu.edu.eg/fulltext/bks/B11-07371.pdf |
| 905 | _a60 | ||
| 942 |
_2ddc _cBK _e21 _n0 |
||
| 999 |
_c64464 _d64464 |
||